| 000 | 00498nam a22001697a 4500 | ||
|---|---|---|---|
| 003 | CEME | ||
| 005 | 20210628204042.0 | ||
| 008 | 210106b xxu||||| |||| 00| 0 eng d | ||
| 020 | _a9781402090738 | ||
| 040 | _cceme | ||
| 082 | _a617.412 HAD | ||
| 100 |
_aHaddad, Sandro A.P, Serdijn, Wouter A _968459 |
||
| 245 | _aUltra low - power biomedical singal processing, an analog wavelet filter approach for pacemakers | ||
| 260 |
_aNEW YORK _bSPRINGER _c2009 |
||
| 300 | _aX, 215P | ||
| 942 |
_cBK _2ddc |
||
| 999 |
_c576032 _d576032 |
||